[Event "1st ch-Mediterranean"]
[Site "Beruit LIB"]
[Date "2003.10.05"]
[Round "9"]
[White "Van Hoolandt,P"]
[Black "Kapnisis,S"]
[Result "0-1"]
[WhiteElo "2301"]
[BlackElo "2392"]

1.c4 e6 2.Nf3 d5 3.b3 c5 4.g3 Nc6 5.Bg2 Be7 6.Bb2 d4 7.O-O e5 8.e3 Nf6 9.exd4 exd4
10.d3 O-O 11.Re1 Bd6 12.Na3 Bf5 13.Nc2 a5 14.a3 Qb6 15.Rb1 Ng4 16.Nh4 Bd7
17.Bc1 h6 18.h3 Nf6 19.f4 Ne7 20.b4 axb4 21.axb4 cxb4 22.Nf3 Nc6 23.Ne5 Rfe8
24.Nxd7 Nxd7 25.Bd2 Rxe1+ 26.Bxe1 b3 27.Na1 b2 28.Nb3 Ra3 29.Rxb2 Nc5 30.Nxc5 Qxb2
31.Ne4 Ra1 32.Qg4 Rxe1+ 33.Kh2 Be7 34.Qc8+ Bf8 35.Nf6+ gxf6 36.Qg4+ Kh8 37.Qf5 Re2  0-1

[Event "TCh-Africa"]
[Site "Abuja NGR"]
[Date "2003.10.06"]
[Round "2"]
[White "Arouche,F"]
[Black "Van der Merwe,C"]
[Result "1-0"]
[WhiteElo "2088"]
[BlackElo "2065"]

1.c4 e6 2.Nf3 d5 3.g3 c5 4.cxd5 exd5 5.d4 Nc6 6.Nc3 Nf6 7.Bg2 Be7 8.O-O O-O
9.dxc5 Bxc5 10.Bg5 d4 11.Bxf6 Qxf6 12.Ne4 Qe7 13.Nxc5 Qxc5 14.Rc1 Qb6 15.Qd2 Be6
16.b3 Rfd8 17.Rfd1 a5 18.Ng5 Bf5 19.Ne4 a4 20.bxa4 Rxa4 21.Nc5 Ra5 22.Nxb7 Qxb7
23.Bxc6 Qa7 24.a4 h6 25.Qf4 Bg6 26.Bb5 Qb6 27.Rc6 Qb7 28.Rxd4 Rxd4 29.Qxd4 Rxb5
30.axb5 Qxb5 31.Rd6 Qb1+ 32.Qd1 Qe4 33.Rd4 Qe5 34.Qd2 Qb5 35.f3 Qb1+ 36.Kg2 Qb5
37.Rd5 Qc6 38.e4 Qa4 39.Rd4 Qc6 40.h4 Qf6 41.Qd3 Qb6 42.Rd6 Qb2+ 43.Qd2 Qb1
44.e5 Kh7 45.e6 fxe6 46.Rxe6 Bf5 47.Re7 Bd3 48.Re1 Qb5 49.Qc3 Bc4 50.Qd4 Bd3
51.Qa1 Qc5 52.Qc1 Qd6 53.Rd1 Qg6 54.Qe3 Bc2 55.Rd2 Bb1 56.Qd4 Bf5 57.Qf4 Bb1
58.g4 h5 59.Qg5 Qa6 60.Qxh5+  1-0

[Event "2nd It"]
[Site "Klaksvik FAI"]
[Date "2003.10.08"]
[Round "3"]
[White "McNab,C"]
[Black "Naes,F"]
[Result "1-0"]
[WhiteElo "2379"]
[BlackElo "2337"]

1.c4 e6 2.Nf3 d5 3.b3 d4 4.e3 Nc6 5.exd4 Nxd4 6.Bb2 Bc5 7.g3 Nf6 8.Bg2 a5
9.Nc3 O-O 10.O-O h6 11.Ne2 Nxf3+ 12.Bxf3 Qe7 13.d4 Ba3 14.Qc1 Bxb2 15.Qxb2 Rd8
16.Rfe1 Ra6 17.Rad1 Qb4 18.a3 Qf8 19.Nf4 Rad6 20.c5 R6d7 21.b4 axb4 22.axb4 c6
23.Ng2 Ne8 24.Ne3 Nc7 25.Be2 Qe7 26.Nc4 Qf6 27.Ne5 Re7 28.b5 cxb5 29.Bxb5 Nxb5
30.Qxb5 Rc7 31.Qa5 Qe7 32.Nc4 Rd5 33.Nd6 Kh7 34.Qa2 Rh5 35.Qe2 Qg5 36.Ra1 Bd7
37.Nxf7 Qd5 38.Ne5 Rf5 39.Qd3 g6 40.g4 Rf6 41.f3 Bc6 42.Re3 Rg7 43.Rae1 Be8
44.Ra1 Rf4 45.Re4 Rf6 46.h4 h5 47.Kf2 Bb5 48.Qc2 hxg4 49.Rxg4 Rgf7 50.Ra3 Bc6
51.Nxf7 Rxf3+ 52.Ke1 Rf5 53.Ng5+ Kg7 54.Ne4 e5 55.dxe5 Rxe5 56.Re3 Bd7 57.Rxg6+ Kh8
58.Rh6+ Kg7 59.Rh7+ Kf8 60.Qg2 Ke8 61.Nf6+  1-0

[Event "1st Israel Int Op"]
[Site "Ashdod ISR"]
[Date "2003.10.14"]
[Round "4"]
[White "Golod,V"]
[Black "Ginzburg,G"]
[Result "1-0"]
[WhiteElo "2544"]
[BlackElo "2162"]

1.c4 e6 2.Nf3 d5 3.d4 c5 4.cxd5 exd5 5.g3 Nc6 6.Bg2 Nf6 7.O-O Be7 8.Nc3 O-O
9.Bg5 c4 10.Ne5 Be6 11.f4 Ng4 12.Nxg4 Bxg4 13.Nxd5 Bxg5 14.fxg5 Qxg5 15.Rf4 Rad8
16.Qd2 Be6 17.Ne3 f6 18.Rd1 Qb5 19.Qc3 Nb4 20.d5 Bf7 21.Qxc4 Qb6 22.Qd4 Qxd4
23.Rfxd4 Na6 24.Rc1 Rfe8 25.Kf2 Re5 26.a3 Kf8 27.b4 Be8 28.Nc4 Rf5+ 29.Bf3 b5
30.Na5 Nb8 31.g4 Re5 32.Nb7 Rd7 33.d6 h5 34.h3 hxg4 35.hxg4 Bf7 36.Rc7  1-0

[Event "300 Years"]
[Site "St Petersburg RUS"]
[Date "2003.10.21"]
[Round "4"]
[White "Matjushin,G"]
[Black "Frolyanov,D"]
[Result "0-1"]
[WhiteElo "2416"]
[BlackElo "2482"]

1.c4 e6 2.Nf3 d5 3.b3 Nf6 4.g3 Be7 5.Bg2 O-O 6.O-O c6 7.Bb2 Nbd7 8.e3 b6
9.Qe2 a5 10.d3 Nc5 11.Rd1 Ba6 12.Nbd2 b5 13.Ne5 Qc7 14.Rac1 Nfd7 15.Nxd7 Qxd7
16.Qg4 f6 17.Qe2 e5 18.Nb1 Qe6 19.Na3 bxc4 20.dxc4 e4 21.Bf1 Nd3 22.Rxd3 exd3
23.Qxd3 Rfd8 24.Qc2 Rac8 25.Bd3 g6 26.Qe2 Kg7 27.c5 Bxd3 28.Qxd3 a4 29.b4 Rb8
30.Bc3 Qe4 31.Qd2 h5 32.h4 Kf7 33.Nc2 g5 34.hxg5 fxg5 35.Nd4 Rbc8 36.Qe2 g4
37.f3 gxf3 38.Rf1 Rf8 39.Rxf3+ Kg8 40.Rxf8+ Rxf8 41.Be1 Rf6 42.Bf2 h4 43.Qh5 hxg3  0-1

[Event "300 Years"]
[Site "St Petersburg RUS"]
[Date "2003.10.23"]
[Round "6"]
[White "Neverov,V"]
[Black "Doroshkievich,V"]
[Result "1-0"]
[WhiteElo "2550"]
[BlackElo "2426"]

1.c4 e6 2.Nf3 d5 3.g3 a6 4.b3 Be7 5.Bg2 Bf6 6.d4 dxc4 7.bxc4 c5 8.e3 Nc6
9.Bb2 cxd4 10.exd4 Nge7 11.Na3 Nf5 12.Nc2 O-O 13.O-O Qc7 14.g4 Nd6 15.g5 Be7
16.Ne3 Rd8 17.d5 Ne8 18.Qe2 Na5 19.Rad1 Bd6 20.Rd4 b5 21.Rc1 Nxc4 22.Nxc4 bxc4
23.Rdxc4 Qe7 24.Rh4 Rb8 25.Qe4 f5 26.gxf6 gxf6 27.Bc3 exd5 28.Qxd5+ Be6 29.Qh5 Rb5
30.Qh6 Qg7 31.Qxg7+ Nxg7 32.Bxf6 Rf8 33.Bxg7 Kxg7 34.Nd4 Re5 35.f4 Re3 36.Kf2 Rxf4+
37.Kxe3 Rxh4 38.Nxe6+ Kf6 39.Bd5 Ke5 40.Bb3 Rxh2 41.Kf3 a5 42.Re1+ Kf6 43.Re4 Rh3+
44.Ke2 Kf5 45.Bc2 Rh2+ 46.Kd3 Rh3+ 47.Kc4 Kf6 48.Nc5 Kg5 49.Kd5 Bg3 50.Re7 Rh2
51.Bb3 Kf6 52.Re8 Bf2  1-0

[Event "Masters"]
[Site "Rosny sous Bois FRA"]
[Date "2003.10.25"]
[Round "1"]
[White "Bogdanov,E"]
[Black "David,Vi"]
[Result "1/2-1/2"]
[WhiteElo "2217"]
[BlackElo "2320"]

1.c4 e6 2.Nf3 d5 3.g3 Nf6 4.Bg2 dxc4 5.Qa4+ Nbd7 6.O-O c5 7.Qxc4 b6 8.d4 Bb7
9.Nc3 Rc8 10.Bf4 a6 11.dxc5 b5 12.Qd3 Bxc5 13.Bd6 Qb6 14.Rad1 Bxd6 15.Qxd6 Qxd6
16.Rxd6 Ke7 17.Rd4 Nb6 18.a4 bxa4 19.Rb4  1/2-1/2

[Event "Masters"]
[Site "Rosny sous Bois FRA"]
[Date "2003.10.26"]
[Round "2"]
[White "Bogdanov,E"]
[Black "Daurelle,H"]
[Result "1-0"]
[WhiteElo "2217"]
[BlackElo "2236"]

1.c4 e6 2.Nf3 d5 3.b3 Nf6 4.g3 c5 5.Bg2 Nc6 6.e3 Be7 7.O-O O-O 8.Qe2 b6 9.Bb2 Bb7
10.Rd1 Qc7 11.Nc3 Rad8 12.cxd5 exd5 13.d4 Rfe8 14.Rac1 Qb8 15.dxc5 Bxc5 16.Nb5 Ne4
17.Nbd4 Ne7 18.Nh4 g6 19.Rc2 a6 20.Bh3 Ng5 21.Bg4 Bc8 22.Bxc8 Rxc8 23.Qxa6 Bxd4
24.Rxc8 Qxc8 25.Qxc8 Rxc8 26.Bxd4 Rc2 27.Rf1 Ne4 28.Nf3 b5 29.a4 bxa4 30.bxa4 Ra2
31.Ra1 Rxf2 32.Ng5 Rc2 33.Nxe4 dxe4 34.a5 Nc6 35.Bf6 Na7 36.a6 Rc8 37.h4 h6
38.g4 g5 39.h5 Kf8 40.Rb1 Ke8 41.Rb7 Rc6 42.Bd4 Rxa6 43.Rxa7 Rxa7 44.Bxa7  1-0

[Event "3rd Rohde Open"]
[Site "Sautron FRA"]
[Date "2003.10.26"]
[Round "2"]
[White "Mohandesi,S"]
[Black "Makarov,M"]
[Result "0-1"]
[WhiteElo "2329"]
[BlackElo "2517"]

1.c4 e6 2.Nf3 d5 3.d4 Nf6 4.Nc3 c6 5.Bg5 dxc4 6.e4 b5 7.e5 h6 8.Bh4 g5 9.Nxg5 hxg5
10.Bxg5 Nbd7 11.exf6 Bb7 12.g3 c5 13.d5 Nxf6 14.Bg2 Be7 15.O-O Nxd5 16.Bxe7 Kxe7
17.Nxb5 Qb6 18.Na3 Rh4 19.Re1 Rd4 20.Qc1 Nf4 21.Nxc4 Rxc4 22.Qxc4 Nxg2 23.Re5 Qxb2
24.Qxc5+ Kf6 25.Ree1 Nxe1 26.Rxe1 Rc8 27.Qh5 Qd2  0-1

[Event "VII Taca BCX"]
[Site "Brasilia BRA"]
[Date "2003.10.29"]
[Round "12"]
[White "Cardoso,J"]
[Black "Reis,E"]
[Result "0-1"]
[WhiteElo "1803"]
[BlackElo "2035"]

1.c4 e6 2.Nf3 d5 3.cxd5 exd5 4.d4 Nf6 5.Nc3 Be7 6.g3 O-O 7.Bg2 c6 8.a3 Nbd7
9.O-O Re8 10.Re1 Nf8 11.Ne5 Bf5 12.b4 Ng6 13.e4 dxe4 14.Nxg6 Bxg6 15.Nxe4 Nxe4
16.Bxe4 Bxe4 17.Rxe4 Bf6 18.Rxe8+ Qxe8 19.Be3 Qe4 20.Qd2 Rd8 21.Rd1 g6 22.Qc3 Rd5
23.Qc4 h5 24.h4 Qg4 25.Re1 Bxh4 26.Bf4 Bf6 27.Re8+ Kg7 28.Qc1 g5 29.Be5 Bxe5
30.Rxe5 Rxe5 31.dxe5 h4 32.Qc3 Kg6 33.Qd3+ Qf5 34.Qd6+ Qe6 35.Qd3+ Kg7 36.Qe3 Kh6
37.f4 Qg4 38.fxg5+ Qxg5 39.Qxg5+ Kxg5 40.gxh4+ Kxh4 41.Kf2 Kg4 42.Ke3 Kf5
43.Kd4 b6 44.a4 Ke6 45.a5 Kf5 46.a6 Kf4 47.b5 cxb5 48.Kd5 b4 49.Kc6 b3 50.Kb7 b2
51.Kxa7 b1=Q 52.Kb7 b5 53.a7 b4  0-1

[Event "WYg16"]
[Site "Halkidiki GRE"]
[Date "2003.10.29"]
[Round "7"]
[White "Cherenkova,K"]
[Black "Malysheva,P"]
[Result "1/2-1/2"]
[WhiteElo "2173"]
[BlackElo "2194"]

1.c4 e6 2.Nf3 d5 3.g3 c5 4.Bg2 Nf6 5.O-O Nc6 6.cxd5 exd5 7.d4 Be7 8.dxc5 Bxc5
9.Qc2 Be7 10.Nc3 O-O 11.Rd1 Be6 12.a3 Rc8 13.Ng5 Ne5 14.Be3 h6 15.Nxe6 fxe6
16.Bf4 Nf7 17.Qb3 b6 18.e4 Bc5 19.exd5 e5 20.Be3 Bxe3 21.fxe3 Nd6 22.Rf1 Kh8
23.Rad1 Rc5 24.Bf3 Qc8 25.Na4 Rb5 26.Qc3 Qxc3 27.Nxc3 Rxb2 28.Rc1 Rb3 29.a4 Rc8
30.Nb5 Rxc1 31.Rxc1 Nxb5 32.axb5 Rxe3 33.Kf2 Rd3 34.Rc8+ Kh7 35.Rc6 Rd4 36.d6 Kg6
37.Ke3 Kf5 38.Bg2 g5 39.Bf1 Ke6 40.d7+ Ke7 41.Bc4 Nxd7 42.Re6+ Kd8 43.Be2 Kc7
44.Rc6+ Kb7 45.Rxh6 Rb4 46.Rg6 Rb3+ 47.Kf2 Nc5 48.Rg7+ Kb8 49.Rg8+ Kc7 50.Rg7+ Kb8  1/2-1/2

[Event "Masters"]
[Site "Rosny sous Bois FRA"]
[Date "2003.10.29"]
[Round "5"]
[White "Cossin,S"]
[Black "David,Vi"]
[Result "1-0"]
[WhiteElo "2352"]
[BlackElo "2320"]

1.c4 e6 2.Nf3 d5 3.e3 dxc4 4.Bxc4 c5 5.d4 Nf6 6.O-O a6 7.a4 Nc6 8.Qe2 Qc7
9.Nc3 Be7 10.dxc5 Bxc5 11.h3 O-O 12.e4 Nd7 13.Kh1 Nde5 14.Nxe5 Nxe5 15.Ba2 Nc6
16.Qh5 Nb4 17.Bb1 Bd7 18.e5 g6 19.Qe2 Be7 20.f4 Rac8 21.Be4 Bc6 22.Be3 Bxe4
23.Nxe4 Qc2 24.Qf3 Nd5 25.Bd4 Rfd8 26.Rfc1 Qxc1+ 27.Rxc1 Rxc1+ 28.Kh2 Rc4
29.Bc3 Rxa4 30.f5 exf5 31.Nf6+ Nxf6 32.exf6 Bd6+ 33.g3 Re4 34.Kg2 h5 35.Qd1 Bc7
36.Qc1 Bd6 37.Qd1 Ree8 38.Ba5 Rd7 39.Kf3 Kh7 40.Qa4 b5 41.Qd4 Rb8 42.g4 hxg4+
43.hxg4 fxg4+ 44.Qxg4 Rbb7 45.Ke2 Bf8 46.Qg2 Kg8 47.Qc6 Ra7 48.Qc8 Rd6 49.Bb4 Rad7
50.Bxd6 Rxd6 51.Qc3 Bh6 52.Kf3 Re6 53.Qd4 Bg5 54.Qd8+ Kh7 55.Kg4 Bxf6 56.Qf8 Re7
57.b3 Rd7 58.Kf4 b4 59.Qc8 Rd4+ 60.Ke3 Kg7 61.Qxa6 Rh4 62.Kf2 Bc3 63.Qc8 Re4
64.Kf3 Re1 65.Qd7 Rf1+ 66.Kg2 Rf5 67.Kg3 Kf6 68.Qd6+ Kg5 69.Qe7+ Kh5 70.Qh4+  1-0

[Event "Curacao Open"]
[Site "Willemstad AHO"]
[Date "2003.10.29"]
[Round "5"]
[White "Ehlvest,J"]
[Black "Haag,M"]
[Result "1-0"]
[WhiteElo "2602"]
[BlackElo "2324"]

1.c4 e6 2.Nf3 d5 3.e3 Nf6 4.b3 Be7 5.Bb2 O-O 6.d4 c5 7.Bd3 Nc6 8.O-O b6 9.Nbd2 Bb7
10.Rc1 Rc8 11.a3 dxc4 12.bxc4 Bd6 13.Rc2 Re8 14.Qa1 Bf8 15.Rd1 Qe7 16.Qb1 Nd7
17.Ne4 f5 18.Nc3 g6 19.Nb5 a6 20.Nc3 Rb8 21.Be2 Na5 22.Qa2 Bg7 23.Rcd2 Red8
24.h3 Ba8 25.Ne1 Rbc8 26.d5 e5 27.e4 Nf6 28.Bd3 f4 29.Na4 Nd7 30.Bc3 Rb8
31.Nxb6  1-0

[Event "Masters"]
[Site "Rosny sous Bois FRA"]
[Date "2003.10.31"]
[Round "7"]
[White "Velikov,P"]
[Black "Daurelle,H"]
[Result "1-0"]
[WhiteElo "2443"]
[BlackElo "2236"]

1.c4 e6 2.Nf3 d5 3.g3 dxc4 4.Qa4+ Nd7 5.Bg2 a6 6.Qxc4 b5 7.Qc2 Bb7 8.O-O c5
9.b3 Ngf6 10.Bb2 Be7 11.d3 O-O 12.Nbd2 Qb6 13.Rac1 Rfc8 14.Qb1 h6 15.a3 Rc7
16.Rfd1 Rac8 17.Qa1 Qa7 18.Rc2 Ba8 19.Rdc1 Qb6 20.h3 Qa7 21.e4 Bf8 22.Nf1 c4
23.bxc4 bxc4 24.e5 c3 25.Rxc3 Rxc3 26.Rxc3 Rxc3 27.Bxc3 Nd5 28.Bb2 Qb6 29.N1d2 Qb5
30.Nc4 Nc5 31.Qd1 Na4 32.Nd4 Ndc3 33.Bxc3 Nxc3 34.Qc2 Qb1+ 35.Qxb1 Nxb1 36.a4 Nc3
37.a5 Bb4 38.Nb3 Bxg2 39.Kxg2 Nd5 40.Nd4 Bc3 41.Nc6 Be1 42.f4 h5 43.Kf3 Nb4
44.Nxb4 Bxb4 45.Ke4 Kf8 46.g4 hxg4 47.hxg4 g6 48.d4 Ke7 49.d5 exd5+ 50.Kxd5 Kd7
51.f5 gxf5 52.gxf5 Be1 53.f6 Bb4 54.Nd6 Bxa5 55.Nxf7 Bb4 56.e6+ Kc7 57.Ne5  1-0

[Event "1st Chesspangenberg Open"]
[Site "Buenos Aires ARG"]
[Date "2003.11.08"]
[Round "5"]
[White "Giardelli,S"]
[Black "Dolezal,C"]
[Result "1/2-1/2"]
[WhiteElo "2445"]
[BlackElo "2410"]

1.c4 e6 2.Nf3 d5 3.g3 dxc4 4.Qa4+ Bd7 5.Qxc4 c5 6.Bg2 Bc6 7.O-O Nd7 8.Qc2 Ngf6
9.b3 Be7 10.Bb2 O-O 11.d3 b5 12.Nbd2 Qb6 13.Rac1 Rfc8 14.Qb1 a5 15.a4 bxa4
16.bxa4 Rab8 17.Nc4 Qa6 18.Qc2 Nb6 19.Be5 Rb7 20.Nxb6 Rxb6 21.Nd2 Be8 22.Nc4 Rb4
23.Bc3 Rxa4 24.Rb1 Rb4 25.Nxa5 Rxb1 26.Rxb1 Nd5 27.Nc4 Bc6 28.Ra1 Qb7 29.Na5 Qc7
30.Nxc6 Qxc6 31.Be5 Qd7 32.Qc4 Bf6 33.Bxf6 Nxf6 34.Rc1 e5 35.Rb1 Qd4  1/2-1/2

[Event "ch-IND A Women"]
[Site "Calicut IND"]
[Date "2003.11.09"]
[Round "1"]
[White "Rajalakshmi,C"]
[Black "Mohota,N"]
[Result "0-1"]
[WhiteElo "2092"]
[BlackElo "2299"]

1.c4 e6 2.Nf3 d5 3.g3 Nf6 4.Bg2 Be7 5.O-O O-O 6.b3 b6 7.Bb2 Bb7 8.d3 c5 9.cxd5 Nxd5
10.Nc3 Bf6 11.Qd2 Nc6 12.Nxd5 Bxb2 13.Qxb2 exd5 14.d4 Qf6 15.Rfd1 Na5 16.Ne5 Rfe8
17.e3 Rad8 18.Rac1 Qe7 19.Nf3 c4 20.Nd2 cxb3 21.axb3 Nc6 22.Rc3 Nb4 23.Rdc1 Rc8
24.Bh3 Rxc3 25.Rxc3 g6 26.Nf3 Kg7 27.Ne5 f6 28.Nd3 Nxd3 29.Rxd3 f5 30.Rc3 Rc8
31.Bg2 Rxc3 32.Qxc3 a5 33.Bf1 Kf6 34.h4 Ke6 35.Bd3 Qd6 36.Bb5 Qd8 37.Kg2 Qc8
38.Qd3 Kd6 39.Kf3 Qc1 40.Kf4 Qe1 41.Qc2 Qh1 42.Kg5 Qe4 43.Qb2 Qe7+ 44.Kh6 Ke6
45.h5 Kf6  0-1

[Event "7th BayEM"]
[Site "Bad Wiessee GER"]
[Date "2003.11.14"]
[Round "7"]
[White "Rotstein,A"]
[Black "Trabert,B"]
[Result "1-0"]
[WhiteElo "2533"]
[BlackElo "2222"]

1.c4 e6 2.Nf3 d5 3.d4 c6 4.Nbd2 Nf6 5.g3 Be7 6.Bg2 O-O 7.O-O Nbd7 8.Qc2 b6
9.e4 Bb7 10.e5 Ne8 11.cxd5 cxd5 12.Re1 Qc7 13.Qa4 a6 14.Bf1 b5 15.Qd1 Qb6
16.Bd3 g6 17.Nf1 f5 18.exf6 Bxf6 19.Bc2 Rc8 20.Bh6 Ng7 21.Ne3 e5 22.Bb3 Rc4
23.dxe5 Bxe5 24.Qe2 Kh8 25.Rad1 Qf6 26.Bxc4 bxc4 27.Ng4 Qxf3 28.Qxf3 Rxf3
29.Nxe5 Nxe5 30.Rxe5 Rf7 31.Rde1 Bc6 32.f4 Kg8 33.Kf2 Rb7 34.R1e2 Nf5 35.Bg5 h6
36.Bd8 Kf7 37.g4 Nd4 38.Re7+ Rxe7 39.Rxe7+ Kf8 40.Rc7 Bb5 41.Be7+ Kg8 42.Bf6 Ne6
43.Rc8+ Kf7 44.Be5 Nf8 45.Kg3 Nd7 46.Bd4 Nf6 47.f5 gxf5 48.gxf5 Ne4+ 49.Kf4  1-0

[Event "TCh-ESP Final"]
[Site "Sanxenxo ESP"]
[Date "2003.11.19"]
[Round "3"]
[White "Conquest,S"]
[Black "Flear,G"]
[Result "1-0"]
[WhiteElo "2545"]
[BlackElo "2516"]

1.c4 e6 2.Nf3 d5 3.d4 Nf6 4.Bg5 Nbd7 5.e3 c6 6.Nbd2 Be7 7.Bd3 O-O 8.O-O h6
9.Bf4 c5 10.Ne5 cxd4 11.exd4 dxc4 12.Ndxc4 Nb6 13.Rc1 Nfd5 14.Bd2 Nxc4 15.Bxc4 Bb4
16.Re1 Bxd2 17.Qxd2 Ne7 18.Bd3 b6 19.Re3 Bb7 20.Rg3 Kh8 21.Qf4 Rc8 22.Rxc8 Qxc8
23.Nxf7+ Rxf7 24.Qxf7 Nf5 25.h3 Nxg3 26.fxg3 a5 27.Kh2 Bd5 28.a3 Qa8 29.Qg6 Kg8
30.Bb5 Kf8 31.Qc2 Qd8 32.Qf2+ Kg8 33.Bd3 Qd6 34.Qf4 Qd8 35.Bg6 Kh8 36.h4 Qa8
37.Qf2 Be4 38.h5 Bd5 39.Bd3 Qe8 40.Bg6 Qd8 41.Kg1 Bc4 42.Qf4 Bd5 43.g4 Bc4
44.g3 Bd5 45.Kh2 Bc4 46.g5 hxg5 47.Qf7 Bd5 48.h6 Qg8 49.Qxg8+ Kxg8 50.h7+ Kh8
51.Kg1 Bb3 52.Kf2 Bd5 53.Ke3 Bb3 54.Kd3 Ba2 55.Kc3 Bd5 56.Kd2 Ba2 57.Ke3 Bd5
58.Bc2 Bb7 59.Be4 Bd5 60.b4 axb4 61.axb4 Bb3 62.Kf3 Bd1+ 63.Kf2 Bb3 64.Ke2 Bd5
65.Kf3 g6 66.Bxd5 exd5 67.Kg4 Kxh7 68.Kxg5 Kg7 69.b5 Kf7 70.Kh6 Kf6 71.g4  1-0

[Event "TCh-SLO"]
[Site "Celje SLO"]
[Date "2003.11.20"]
[Round "5"]
[White "Ivacic,V"]
[Black "Sakelsek,T"]
[Result "0-1"]
[WhiteElo "2243"]
[BlackElo "2339"]

1.c4 e6 2.Nf3 d5 3.g3 dxc4 4.Qa4+ Nd7 5.Bg2 a6 6.Qxc4 c5 7.O-O b5 8.Qc2 Bb7
9.a4 Ngf6 10.axb5 axb5 11.Rxa8 Qxa8 12.Na3 Bc6 13.d3 Be7 14.Bd2 O-O 15.Rc1 Qb7
16.Ne1 Nd5 17.e4 N5b6 18.Be3 Rc8 19.Nb1 c4 20.Nd2 cxd3 21.Nxd3 Nf6 22.Nc5 Bxc5
23.Bxc5 Nfd7 24.Bxb6 Nxb6 25.Nb3 Nc4 26.Nc5 Qe7 27.b4 Rd8 28.Rd1 e5 29.Bf1 Rxd1
30.Qxd1 g6 31.Qc2 Nb6 32.Bd3 Qd6 33.Qe2 Qd4 34.Bxb5 Qxb4 35.Bxc6 Qxc5 36.Qb5 Qxb5
37.Bxb5 Kf8 38.Kf1 Ke7 39.Ke2 Kd6 40.Ke3 Kc5 41.Ba6 f6 42.h4 h6 43.Be2 Kb4
44.f4 Kc3 45.g4 g5 46.hxg5 fxg5 47.fxg5 hxg5 48.Bd3 Nc4+ 49.Ke2 Kd4 50.Bb1 Ne3
51.Kf3 Nd1  0-1

[Event "7th Cup IM"]
[Site "Paks HUN"]
[Date "2003.11.26"]
[Round "8"]
[White "Zlatic,M"]
[Black "Himanshu,K"]
[Result "1-0"]
[WhiteElo "2396"]
[BlackElo "2051"]

1.c4 e6 2.Nf3 d5 3.g3 dxc4 4.Qa4+ Nd7 5.Qxc4 a6 6.Bg2 b5 7.Qc2 Bb7 8.O-O c5
9.d3 Bd6 10.a4 b4 11.Nbd2 Rc8 12.Nc4 Bb8 13.b3 Ngf6 14.Bb2 O-O 15.Rad1 Qe7
16.e4 Bc7 17.Nh4 Nb6 18.Ne3 a5 19.Qe2 Bb8 20.f4 Bc6 21.Bh3 c4 22.Nxc4 Nxc4
23.bxc4 Ba7+ 24.Kh1 Rfd8 25.Bg2 Bxa4 26.Ra1 Bc6 27.Rxa5 Bb6 28.Ra6 Qb7 29.Raa1 Qd7
30.Rfd1 Ba4 31.Rd2 Bb3 32.e5 Ne8 33.Nf3 g6 34.Rc1 Qc7 35.Ng5 Ng7 36.g4 h5
37.h3 hxg4 38.hxg4 Kf8 39.Ne4 Ke7 40.Bf3 Bd4 41.Bxd4 Rxd4 42.Rb1 Ba4 43.Rxb4 Bc6
44.Rdb2 Rh8+ 45.Kg2 g5 46.Qe3 Rhd8 47.R4b3 gxf4 48.Qxf4 Rxd3 49.Rxd3 Rxd3
50.Rf2 Ne8 51.Ng5 Bxf3+ 52.Nxf3 Kd8 53.Ng5 Qb7+ 54.Kh2 Rd1 55.Nxf7+ Kc8 56.Qf3 Qd7
57.Qa8+ Kc7 58.Qa7+ Kc8 59.Qxd7+ Kxd7 60.Rf4 Kc6 61.Ng5 Nc7 62.Nf3 Kc5 63.g5 Rc1
64.g6 Ne8 65.Ng5 Ng7 66.Rf7 Nh5 67.g7 Nxg7 68.Rxg7 Rxc4 69.Rc7+  1-0

[Event "2nd Subasic Mem"]
[Site "Zenica BIH"]
[Date "2003.12.06"]
[Round "1"]
[White "Dumpor,A"]
[Black "Muratovic,En"]
[Result "1-0"]
[WhiteElo "2364"]
[BlackElo "2281"]

1.c4 e6 2.Nf3 d5 3.g3 Nf6 4.Bg2 c6 5.Qc2 Nbd7 6.b3 b5 7.O-O Ba6 8.d3 Rc8
9.Bb2 Bc5 10.Nbd2 O-O 11.e4 Qe7 12.e5 Ng4 13.d4 Bb6 14.c5 Ba5 15.Rfd1 f5
16.b4 Bc7 17.a4 Bb8 18.Bf1 f4 19.Bd3 g5 20.h3 Ne3 21.fxe3 fxe3 22.Rf1 g4
23.hxg4 exd2 24.Qxd2 Qg7 25.Ng5 Rxf1+ 26.Rxf1 Nf8 27.Rf7 Qh6 28.Qf4 Rc7 29.Rf6 Qg7
30.Nxe6 Nxe6 31.Rxe6 Re7 32.Rxc6 Rf7 33.Bf5 Bb7 34.Rh6 Kh8 35.axb5 Bc7 36.Re6 Bd8
37.c6 Ba8 38.Qh6 Rf8  1-0

[Event "FSIM December"]
[Site "Budapest HUN"]
[Date "2003.12.07"]
[Round "2"]
[White "Seel,C"]
[Black "Pinkus,L"]
[Result "1-0"]
[WhiteElo "2315"]
[BlackElo "2171"]

1.Nf3 e6 2.c4 d5 3.d4 c6 4.e3 f5 5.Bd3 Nf6 6.h3 Bd6 7.g4 Qe7 8.Nc3 dxc4 9.Bxc4 e5
10.dxe5 Bxe5 11.Nxe5 Qxe5 12.g5 Ne4 13.f4 Nxc3 14.Qh5+ g6 15.fxe5 gxh5 16.bxc3 Nd7
17.Be2 Nxe5 18.Bxh5+ Ng6 19.Ba3 Be6 20.O-O-O Rd8 21.Bc5 b6 22.Rxd8+ Kxd8
23.Bd4 Re8 24.Rh2 Kc7 25.h4 c5 26.Bf6 Bd5 27.Bd1 Rxe3 28.h5 Ne5 29.g6 hxg6
30.h6 Nf7 31.h7 Re1 32.Kd2 Rg1 33.a3 b5 34.Be2 Kc6 35.h8=Q Nxh8 36.Rxh8 Rg2
37.Ke1 Rg1+ 38.Kf2 Rg2+ 39.Kf1 c4 40.Rc8+ Kb7 41.Rc5 Bc6 42.Rxb5+ Bxb5 43.Kxg2 Kb6
44.Kf3 Ka5 45.Be7 Ka4 46.Bd1+ Ka5 47.Ke3 Ba4 48.Bf3 Kb5 49.Bd5 Bc2 50.Kd4 Bd3
51.Bg5 a5 52.Bf7 Ka4 53.Bxc4 Bxc4 54.Kxc4 Kxa3 55.Kd5  1-0

[Event "TCh-AUT B Mitte 2003-4"]
[Site "Trofaiach AUT"]
[Date "2003.12.07"]
[Round "4"]
[White "Bukal,V sr"]
[Black "Genser,H"]
[Result "1/2-1/2"]
[WhiteElo "2420"]
[BlackElo "2263"]

1.c4 e6 2.Nf3 d5 3.g3 dxc4 4.Qa4+ c6 5.Qxc4 b5 6.Qc2 Bb7 7.Bg2 Nd7 8.O-O Ngf6
9.b3 Be7 10.Bb2 c5 11.a4 a6 12.axb5 axb5 13.Rxa8 Bxa8 14.Na3 Qb6 15.Qd3 O-O
16.Qxb5 Qxb5 17.Nxb5 Rb8 18.Nc3 Rxb3 19.Ba1 Bb7  1/2-1/2

[Event "TCh-BEL 2003-4"]
[Site "Belgium BEL"]
[Date "2003.12.08"]
[Round "4"]
[White "Cekro,E"]
[Black "Eliet,N"]
[Result "1/2-1/2"]
[WhiteElo "2433"]
[BlackElo "2432"]

1.c4 e6 2.Nf3 d5 3.b3 a5 4.e3 a4 5.bxa4 Nf6 6.Nc3 Nbd7 7.d4 Bb4 8.Bd2 c6
9.Rb1 Ba5 10.Bd3 b6 11.O-O Ba6 12.Qe2 O-O 13.Rfc1 Ra7 14.Nd1 Bxd2 15.Qxd2 Qa8
16.Nb2 Bb7 17.cxd5 exd5 18.Bf5 Re8  1/2-1/2

[Event "II Open"]
[Site "San Salvador ESA"]
[Date "2003.12.12"]
[Round "5"]
[White "Pineda,B"]
[Black "Leyva,H"]
[Result "0-1"]
[WhiteElo "2249"]
[BlackElo "2400"]

1.c4 e6 2.Nf3 d5 3.b3 Be7 4.Bb2 Bf6 5.Nc3 dxc4 6.bxc4 c5 7.g3 Nc6 8.Bg2 Nge7
9.O-O O-O 10.Rb1 Rb8 11.Ne4 Bxb2 12.Rxb2 b6 13.Qb1 Qc7 14.Nfg5 f5 15.Nc3 h6
16.Nf3 Bb7 17.Nb5 Qd7 18.Rb3 e5 19.Rd3 Qe6 20.Rc1 e4 21.Rd6 Qf7 22.Ne1 Nc8
23.d3 a6 24.Rxc6 Bxc6 25.Nc3 Nd6  0-1

[Event "ch-IND National A"]
[Site "Calicut IND"]
[Date "2003.12.16"]
[Round "18"]
[White "Kunte,A"]
[Black "Suvrajit,S"]
[Result "1/2-1/2"]
[WhiteElo "2535"]
[BlackElo "2387"]

1.c4 e6 2.Nf3 d5 3.g3 Nf6 4.Bg2 c6 5.Qc2 Nbd7 6.O-O Bd6 7.d4 O-O 8.Nbd2 Qe7
9.Re1 e5 10.dxe5 Nxe5 11.cxd5 Nxd5 12.Nxe5 Bxe5 13.a3 Nb6 14.Nf3 Bc7 15.Bd2 h6
16.e4 Rd8 17.Bb4 Qe8 18.Bc3 Bg4 19.Nh4 Be5 20.Ba5 Qd7 21.Bf1 Bf6 22.Ng2 Re8
23.Ne3 Bf3 24.Nf5 Bg4 25.Ne3 Bf3 26.Bg2 Bxg2 27.Kxg2 Qe6 28.f3 Rad8 29.Rad1 Qa2
30.Rxd8 Rxd8 31.Re2 Qe6 32.Be1 Qd7 33.Ng4 Bd4 34.Ne3 Bf6 35.Bf2 h5 36.Be1 Qd3
37.Nd5 Nxd5 38.Qxd3 Nf4+ 39.gxf4 Rxd3 40.e5 Be7 41.f5 g6 42.f6 Bc5 43.Bf2 Bxf2
44.Kxf2 Kf8 45.Kg3 g5 46.h3  1/2-1/2

[Event "7th White Tower Open"]
[Site "Thessaloniki GRE"]
[Date "2003.12.26"]
[Round "7"]
[White "Milovanovic,Ni"]
[Black "Pambalou,F"]
[Result "1-0"]
[WhiteElo "2270"]
[BlackElo "2034"]

1.c4 e6 2.Nf3 d5 3.g3 g6 4.Bg2 Bg7 5.O-O Ne7 6.Na3 O-O 7.Rb1 c5 8.d3 Nbc6
9.Bd2 Nf5 10.Bc3 d4 11.Bd2 Nd6 12.Qc1 f5 13.Nb5 e5 14.Ng5 Ne7 15.Nxd6 Qxd6
16.b4 h6 17.bxc5 Qc7 18.Nf3 g5 19.Ne1 Rb8 20.Qa3 Nc6 21.Nc2 g4 22.Nb4 Nxb4
23.Qxb4 f4 24.Bd5+ Kh8 25.Qa5 b6 26.cxb6 axb6 27.Qa3 Bb7 28.Qa7 f3 29.exf3 gxf3
30.Rxb6 Qd7 31.Be6 Qe8 32.h3 Rf6 33.Kh2 Rxe6 34.Rxe6 Qxe6 35.Qxb8+ Bc8 36.g4 e4
37.Bf4 e3 38.fxe3 dxe3 39.Rxf3 e2 40.Re3 e1=Q 41.Rxe1 Qxe1 42.Qxc8+ Kh7 43.Qf5+ Kh8
44.Bg3 Qe2+ 45.Bf2 Qxa2 46.Kg2 Qb2 47.Qe4 Kg8 48.c5 Qd2 49.c6 Qc2 50.Qc4+  1-0

[Event "33rd Rilton Cup"]
[Site "Stockholm SWE"]
[Date "2003.12.31"]
[Round "5"]
[White "Hansen,TR"]
[Black "Hillarp Persson,T"]
[Result "1-0"]
[WhiteElo "2335"]
[BlackElo "2512"]

1.c4 e6 2.Nf3 d5 3.g3 c6 4.cxd5 exd5 5.Bg2 Bg4 6.O-O Nd7 7.d3 h5 8.Nbd2 h4
9.Nxh4 Rxh4 10.gxh4 Qxh4 11.f4 Bc5+ 12.Kh1 Nh6 13.Nf3 Qh5 14.e4 dxe4 15.dxe4 O-O-O
16.Qc2 Nf6 17.f5 Nxf5 18.exf5 Bd6 19.Bg5 Rh8 20.Bxf6 gxf6 21.h4 Bxf5 22.Qf2 Kb8
23.a4 Bg4 24.Rad1 Bc7 25.Qd4 Qg6 26.b4 Bg3 27.Kg1 Rg8 28.Rd2 Bc7 29.a5 Bh3
30.Rff2 Be6 31.Qd3 Qg3 32.Qe4 a6 33.h5 Rg4 34.Qe3 Rxb4 35.h6 Bxa5 36.Qd3 Qg8  1-0

[Event "TCh-BEL 2003-4"]
[Site "Belgium BEL"]
[Date "2004.01.11"]
[Round "6"]
[White "Claesen,P"]
[Black "Hommeles,T"]
[Result "1/2-1/2"]
[WhiteElo "2380"]
[BlackElo "2375"]

1.c4 e6 2.Nf3 d5 3.g3 Nf6 4.Bg2 Be7 5.b3 O-O 6.O-O Nbd7 7.Bb2 Re8 8.Nc3 b6
9.d3 Bb7 10.Qc2 c5 11.e4 d4 12.Ne2 Qc7 13.h3 Nf8 14.Bc1 Rad8 15.Qd1 Ng6 16.Nf4 Nxf4
17.Bxf4 Qc8 18.e5 Nd7 19.Nh2 a6 20.Bxb7 Qxb7 21.Re1 b5 22.Qg4 Rb8 23.h4 Qc6
24.h5 Kh8 25.Bg5 Bf8 26.Qf4 Rb7 27.h6 gxh6 28.Qxf7 Reb8 29.Bf4 Bg7 30.Qh5 bxc4
31.dxc4 Rg8 32.Rad1 a5 33.Rd3 a4 34.Ng4 axb3 35.axb3 Bf8 36.Bxh6 Rxg4 37.Bxf8 Re4
38.Rxe4 Qxe4 39.Qf7 Qg6 40.Qxg6 hxg6 41.Bd6 g5 42.f4 gxf4 43.gxf4 Kg7 44.Rg3+ Kf7
45.Kg2 Ra7 46.Kf3 Ra1 47.Kg4 Re1 48.Rg2 Re3 49.Ra2 d3 50.Rd2 Kg6 51.b4 cxb4
52.c5 Re2 53.Rxd3 Rc2 54.c6 Rxc6 55.Bxb4 Nxe5+ 56.fxe5 Rc4+ 57.Kg3 Rxb4 58.Rf3 Kg5  1/2-1/2